书目信息 |
| 题名: |
西班牙足球风云
|
|
| 作者: | 陈然 著 | |
| 分册: | ||
| 出版信息: | 南昌 百花洲文艺出版社 2000.04 |
|
| 页数: | 185页 | |
| 开本: | 32开 | |
| 丛书名: | ||
| 单 册: | ||
| 中图分类: | G843.955.1 | |
| 科图分类: | ||
| 主题词: | 球类运动 | |
| 电子资源: | ||
| ISBN: | 7-80647-150-2 | |
| 000 | 00544nam0 2200193 45 | |
| 001 | 0010271166 | |
| 005 | 20001027113232.1 | |
| 010 | @a7-80647-150-2@d12.00元 | |
| 100 | @a20001027d2000 km y0chiy0120 ea | |
| 101 | 0 | @achi |
| 105 | @a z 000yy | |
| 200 | 1 | @a西班牙足球风云@AXi Ban Ya Zu Qiu Feng Yun@f陈然著@FChen Ran Zhu |
| 210 | @a南昌@c百花洲文艺出版社@d2000.04 | |
| 215 | @a185页@d32开 | |
| 606 | 0 | @a球类运动 |
| 690 | @aG843.955.1@v3 | |
| 701 | 0 | @a陈然@4著 |
| 801 | @aCN@bPftUser@c20001027 | |
| 905 | @b193279-280@dG843.955.1@eCH.199@f2 | |
| 西班牙足球风云/陈然著.-南昌:百花洲文艺出版社,2000.04 |
| 185页;32开 |
| ISBN 7-80647-150-2:12.00元 |
| ● |
| 相关链接 |
|
|
|
正题名:西班牙足球风云
索取号:G843.955.1/CH.199
 
预约/预借
| 序号 | 登录号 | 条形码 | 馆藏地/架位号 | 状态 | 备注 |
| 1 | 193279 | 201932793 | 社科库409/409社科库 23排4列1层/ [索取号:G843.955.1/CH.199] | 在馆 | |
| 2 | 193280 | 201932800 | 社科库409/409社科库 23排4列1层/ [索取号:G843.955.1/CH.199] | 在馆 |